00273nam a2200121Ia 4500008004100000100001900041245003800060260001200098300000700110650001000117942000700127999001700134190216s9999||||xx |||||||||||||| ||und|| aManasi Karkare 0aHindi-Pashu-Pakshiyom Ke Kathayem bKarthik a96 aHindi cBK c16365d16365